| 000 | 00591nam a22001937a 4500 | ||
|---|---|---|---|
| 003 | OSt | ||
| 005 | 20260424064343.0 | ||
| 008 | 260424b |||||||| |||| 00| 0 eng d | ||
| 020 | _a981-411-981-4 | ||
| 040 |
_aDWC-Main lib. _cOC |
||
| 082 | _aCirc. 519.4 H198m 2002 | ||
| 100 | _aHanselman, Duane | ||
| 245 |
_aMastering MatlabĀ® 6 : _ba comprehensive tutorial and reference/ _cDuane Hanselman |
||
| 260 |
_aNew Jersey : _bPrentice-hall, _cc2002. |
||
| 300 |
_axviii 814 p. ; _c23 cm. |
||
| 504 | _aInclude index. | ||
| 700 | _aLittlefield, Bruce | ||
| 942 |
_2ddc _cBK-CIRC _hCirc. _n0 |
||
| 999 |
_c9857 _d9857 |
||